00718nam a2200205 i 450000100060000000300090000600500170001500700030003200800410003510000370007624500510011326000350016430000210019949000330022065000470025383000410030085200320034199900170037395201220039046496ES-MaACL20251003063058.0t|030331s1963 sp ||||1| spa d1 aCongar, Yves, d1904-199594017013aEl racismo y la Iglesia / cY. María Congar. aBarcelona : bEstela, c[1963] a94 p. ; c20 cm.1 aCristianismo y tiempo ; v11 7aIglesia y problemas sociales2embne9135690 aCristianismo y tiempo ; v119181569 aES-MaACLjC-24908 bR.52897 c46496d46496 00104070aATENEOMbATENEOMcDEPO2d2008-01-17eSCl0oC-24908p1048899r2023-02-23 00:00:00w2023-02-23yMONOGRAFIA